000 00942nam a22002537a 4500
005 20240530110530.0
008 160316s2012 ua k g b 000 0 ara d
017 _a2011/10660
_bمصر . دار الكتب المصرية
020 _a9789776298408
040 _aEG-CaGPL
082 0 4 _221
_a153.14\
_bم ق
100 0 _aمدحت محمد ابوالنصر
245 1 0 _aقوة التركيز و تحسين الذاكرة /
_cتاليف مدحت محمد ابوالنصر
250 _aط1
260 _aالقاهرة :
_bالمجموعة العربية للتدريب و النشر ،
_c2012 .
300 _a179 ص :
_bجداول ؛
_c24 سم .
504 _aيشتمل على ارجاعات ببليوجرافية
650 0 4 _aالذاكرة
650 0 4 _aعلم النفس الفسيولوجى
650 0 4 _aالانتباة
650 0 4 _aالادراك
942 _2ddc
_cBK
999 _c62071
_d62071